000 00213 a2200097 4500
020 _a051487001950
041 _aeng
100 _a0816715599
245 _aHeathcliff Heathcliffs night Before Christmas
942 _cK
999 _c31387
_d31385